Laddar...
Symposium on Nucleic Acids Chemistry : [papers].
| Institutionell upphovsman: | |
|---|---|
| Materialtyp: | Printed Book |
| Språk: | English |
| Publicerad: |
[Oxford, England] :
IRL
|
| Serie: | Nucleic acids research. Special publication.
Nucleic acids symposium series. |
| Ämnen: |
| LEADER | 01139cas a2200289 a 4500 | ||
|---|---|---|---|
| 008 | 800414c19uu9999enkar 1 a0eng c | ||
| 010 | |a 87641992 | ||
| 035 | |a (OCoLC)ocm06201240 | ||
| 042 | |a pcc | ||
| 082 | 0 | 0 | |a 547.7/9 |2 19 |
| 111 | 2 | |a Symposium on Nucleic Acids Chemistry. | |
| 245 | 1 | 0 | |a Symposium on Nucleic Acids Chemistry : |b [papers]. |
| 260 | |a [Oxford, England] : |b IRL | ||
| 300 | |a volumes : |b illustrations ; |c 23 cm. | ||
| 310 | |a Annual | ||
| 490 | 1 | |a 1976- : Nucleic acids research. Special publication | |
| 490 | 1 | |a 1979-<1988>: Nucleic acids symposium series | |
| 590 | |a SERBIB/SERLOC merged record | ||
| 650 | 7 | |a Nucleic acids |2 fast |9 1103232 | |
| 655 | 7 | |a Conference papers and proceedings |2 fast |9 1320576 | |
| 830 | 0 | |a Nucleic acids research. |p Special publication. | |
| 830 | 0 | |a Nucleic acids symposium series. | |
| 850 | |a AzTeS |a CaOWtU |a DLC |a IaAS |a MCM |a MiDW |a MoU |a NSyU |a UPB |a UU | ||
| 906 | |a 7 |b cbc |c serials |d 3 |e ncip |f 19 |g n-oclcserc | ||
| 942 | |c BK | ||
| 999 | |c 120230 |d 120230 | ||
| 952 | |0 0 |1 0 |2 ddc |4 0 |6 572_800000000000000_TOM_T |7 0 |9 132123 |a CHE |b CHE |c ST1 |d 2018-08-15 |i 3701 |l 0 |o 572.8 TOM/T |p CHE3701 |r 2009-03-26 |y BK | ||